00474 a2200157 450000100060000004000370000610000250004324000420006824500370011030000070014736200090015465000240016394200070018795201050019499900170029976190 cAnchieta - Colégio São Paulo aHeck, Lenira Almeida10aO mistério do anel de pérolalpor10aO mistério do anel de pérola a280 a2008 4aLiteratura infantil cBK 00104070a88.1b88.1d2023-11-22l0oLI 028.5 H448mp8501/CSPr2023-11-22 14:33:57w2023-11-22yBK c76190d76190